000 00400nam a2200133Ia 4500
005 20260326235500.0
008 260326s9999||||xx |||||||||||||| ||und||
100 _aSánchez, Horacio
245 0 _aLa Vivienda y la Ciudad de México :
_b Génesis de la Tipología Moderna /
_cHoracio Sánchez
260 _bCasa Abierta al Tiempo
300 _a270 p.
650 _aARQUITECTURA RESIDENCIAL
942 _cBK
999 _c8045
_d8045